00660nam a2200229 a 4500001001300000003000900013005001700022008004100039020002300080082001500103100001600118245004200134260004000176500003500216505001000251650001500261700001600276902000800292942000700300952010800307999001500415nice12345678IN_TiNIC20260116013012.0050524s1981 amsa grp 000 0 eng  a9062560 c10000a211.6bMUL aMulder, D C aSecularization in Global Perspective. aAmsterdambVrije Universiteitc1981 aincludes index and biblioraphy2 aNotes aSecularism1 aMulder, D C bSRS cBK 00104070aHMIbHMId2007-06-14g100.00l4o211.6 MULp012463r2019-11-19s2019-10-04w2026-01-16yEB c9229d9229